000 nam a22 7a 4500
999 _c9468
_d9468
008 180131b ||||| |||| 00| 0 eng d
100 _aGupta D
_95671
245 _aWork book science -VI
260 _aNew delhi
_bArya publication
_c2007